• 首页
  • 本馆介绍
  • 公告通知
  • 最新文献
  • 馆藏检索
  • 电子资源
  • 读者导购
  • 参考咨询
  • 我的图书馆
  • 登录
  • 详细信息显示
  • 放入我的书架
  • 预约/预借图书
  • 作者相关作品
  • 分类相关作品
  • 丛书相关作品
  • 出版社相关作品

书目信息

  • 表格格式
  • 工作单格式
  • 卡片格式
题名:
赵孟頫小楷道德经
    
 
作者: 赵孟頫 著 ;武鄂 编
分册:  
出版信息: 武汉   崇文书局  2021
页数: 134页
开本: 34cm
丛书名:
单 册:
中图分类: J292.25 , J292.2
科图分类:
主题词: 楷书--法书--中国--元代
电子资源:
ISBN: 978-7-5403-6395-6
000 01024nam0 2200253 450
001 2274794732
005 20220918204706.00
010    @a978-7-5403-6395-6@dCNY48.00
100    @a20220112d2021 em y0chiy50 ea
101 0  @achi
102    @aCN@b420000
105    @ay z 000yy
200 1  @a赵孟頫小楷道德经@9zhao meng fu xiao kai dao de jing@f武鄂编
210    @a武汉@c崇文书局@d2021
215    @a134页@d34cm
300    @a名家墨宝选粹临帖放大本
330    @a本书为“名家墨宝选粹临帖放大本”字帖丛书中之一种。赵孟頫,宋末元初著名书法家,其书法中正隽永,方圆兼备,外柔内刚,秀雅劲挺,对后世影响深远。赵孟頫一生创作了大量的书法作品,其中尤以楷书和行书见长。《道德经》书于延佑三年(1316),为其小楷代表作之一,结体严谨,笔画精到,精工中透静穆之气,稳健中露灵动之神,风格独具,是学习小楷的优秀范本。
606 0  @a楷书@x法书@y中国@z元代
690    @aJ292.25@v5
690    @aJ292.2@v4
701  0 @c(元)@a赵孟頫@9zhao meng fu@f(1254-1322)@4著
702  0 @a武鄂@9wu e@4编
801  0 @aCN@b91MARC@c20220125
905    @aZUCC@dJ292.2@e131
    
    赵孟頫小楷道德经/武鄂编.-武汉:崇文书局,2021
    134页;34cm
    名家墨宝选粹临帖放大本
    
    ISBN 978-7-5403-6395-6:CNY48.00
    本书为“名家墨宝选粹临帖放大本”字帖丛书中之一种。赵孟頫,宋末元初著名书法家,其书法中正隽永,方圆兼备,外柔内刚,秀雅劲挺,对后世影响深远。赵孟頫一生创作了大量的书法作品,其中尤以楷书和行书见长。《道德经》书于延佑三年(1316),为其小楷代表作之一,结体严谨,笔画精到,精工中透静穆之气,稳健中露灵动之神,风格独具,是学习小楷的优秀范本。
●
相关链接 在五车中查询图书 在当当中查询图书 在豆瓣中查询图书


正题名:赵孟頫小楷道德经     索取号:J292.2/131         预约/预借

序号 登录号 条形码 馆藏地/架位号 状态 备注
1 2000898946   2000898946   第三书库/ [索取号:J292.2/131] 在馆    
2 2000898947   2000898947   第三书库/ [索取号:J292.2/131] 在馆    
3 2000898948   2000898948   第三书库/ [索取号:J292.2/131] 在馆    
山东省滨州职业学院图书馆 欢迎您!
大连网信软件有限公司© 版权所有